| 000 -ლიდერი |
| ფიქსირებული სიგრძის საკონტროლო ველი |
01792nam a2200313Ia 4500 |
| 001 - საკონტროლო ნომერი |
| საკონტროლო ველი |
22005 |
| 003 - საკონტროლო ნომრის იდენტიფიკატორი |
| საკონტროლო ველი |
GE_BSU |
| 005 - ბოლო ოპერაციის თარიღი და დრო |
| საკონტროლო ველი |
20220923145625.0 |
| 008 - ფიქსირებული სიგრძის მონაცემთა ელემენტები - ზოგადი ინფორმაცია |
| ფიქსირებული სიგრძის საკონტროლო ველი |
181216s ||||ge |||||||||||||| ||geo|| |
| 040 ## - კატალოგიზაციის წყარო |
| Transcribing agency |
GE_BSU |
| 041 ## - ენის კოდი |
| Language code of text/sound track or separate title |
geo |
| 080 ## - უნივერსალური ათობითი კლასიფიკაციის ინდექსი |
| Universal Decimal Classification number |
821.111-4 ვ-95 |
| 100 ## - მთავარი ჩანაწერი - პიროვნების სახელი |
| Personal name |
ვულფი, ვირჯინია |
| 9 (RLIN) |
14744 |
| 245 ## - ცნობა სათაურის შესახებ |
| Title |
საკუთარი ოთახი = A room of One's Own : |
| Remainder of title |
[ესეები] / |
| Statement of responsibility, etc |
ვირჯინია ვულფი ; ინგისურიდან თარგმნა და ბოლოსიტყვაობა დაურთო ინგა მაცაბერიძე-პაპავამ ; რედ. ლია იმერლიშვილი ; დიზაინერი რუსუდან ხუციშვილი. |
| 250 ## - გამოცემის ცნობა |
| Edition statement |
[1-ლი გამოც.] |
| 264 ## - წარმოების, გამოცემის, დისტრიბუციის და სხვა ცნობები |
| გამოცემის, წარმოების, დისტრიბუციის... ადგილი |
თბილისი : |
| გამოცემის, წარმოების, დისტრიბუციის... სახელწოდება |
კონსტანტინე, |
| გამოცემის, წარმოების, დისტრიბუციის... თარიღი |
2006. |
| 300 ## - ფიზიკური აღწერა |
| Extent |
208 გვ. ; |
| Dimensions |
17 სმ. |
| 501 ## - შენიშვნა თანმხლებ მასალაზე |
| With note |
ანბანური საძიებელი გვ. : 186-195 |
| 653 ## - INDEX TERM--UNCONTROLLED |
| Uncontrolled term |
ბატონი ბენეტი და ქალბატონი ბრაუნი |
| 653 ## - INDEX TERM--UNCONTROLLED |
| Uncontrolled term |
ჯეინ ოსტინი |
| 653 ## - INDEX TERM--UNCONTROLLED |
| Uncontrolled term |
სტატია "გალივერის დასაცავად" |
| 653 ## - INDEX TERM--UNCONTROLLED |
| Uncontrolled term |
ვირჯინია ვულფის ბიოგრაფია |
| 653 ## - INDEX TERM--UNCONTROLLED |
| Uncontrolled term |
მხატვრული ლიტერატურა |
| 653 ## - INDEX TERM--UNCONTROLLED |
| Uncontrolled term |
საკუთარი ოთახი = A room of One's Own |
| 700 ## - ADDED ENTRY--PERSONAL NAME |
| Personal name |
იმერლიშვილი, ლია |
| Relator term |
რედაქტორი |
| 9 (RLIN) |
14745 |
| 700 ## - ADDED ENTRY--PERSONAL NAME |
| Personal name |
ხუციშვილი, რუსუდან |
| Relator term |
დიზაინერი |
| 9 (RLIN) |
14746 |
| 942 ## - ADDED ENTRY ELEMENTS (KOHA) |
| Koha item type |
წიგნი |
| Source of classification or shelving scheme |
|